| 000 | 01096nam a2200349 c 4500 | ||
|---|---|---|---|
| 001 | 60480 | ||
| 003 | SpMaBN | ||
| 005 | 20260306143944.0 | ||
| 007 | ta | ||
| 008 | 231214s2023 sp a | |||| 000 1 spa | ||
| 017 |
_aB 1591-2023 _bOficina Depósito Legal Barcelona |
||
| 020 | _a9788492615391 | ||
| 040 |
_aSpMaBN _bspa _cSpMaBN _erda |
||
| 080 | _a821.134.2-91"20" | ||
| 080 | _a741.52 | ||
| 084 | _aH TOR | ||
| 100 | 1 |
_aTorices, Marc _d1989- _edibujante _eautor _968783 |
|
| 245 | 1 | 3 |
_aCornelius : _bla alegre vida del triste perro/ _cMarc Torices |
| 250 | _aSegunda edición: septiembre de 2023 | ||
| 264 | 1 |
_a[Barcelona] _bApa-Apa Comics, _c[2023] |
|
| 264 | 4 | _c©2023 | |
| 300 |
_a392 páginas sin numerar _bprincipalmente ilustraciones (blanco y negro y color) _c27 cm |
||
| 336 |
_aImagen fija _aTexto _2rdacontent _btxt |
||
| 337 |
_asin mediación _2rdamedia _bn |
||
| 338 |
_avolumen _2rdacarrier _bnc |
||
| 490 | 0 |
_aCornelius _v[1] |
|
| 650 | _2LEMB | ||
| 655 | 7 |
_aCómics de animales humanizados _968784 |
|
| 655 | 7 |
_aCómics sociales _968780 |
|
| 942 |
_2ddc _cBK |
||
| 956 | _a2 | ||
| 999 |
_c60480 _d60480 |
||